|
|
|
|
| LEADER |
01068nam a2200265 4500 |
| 001 |
41782 |
| 003 |
BD-DhAAL |
| 005 |
20231001111816.0 |
| 008 |
231001t2003 nyu||||| b||| 001 0 eng d |
| 020 |
|
|
|a 9812530185
|
| 040 |
|
|
|a BD-DhAAL
|d BD-DhAAL
|
| 082 |
|
|
|a 371.260973
|2 21
|
| 100 |
|
|
|a Kubiszyn, Tom.
|9 55622
|
| 245 |
|
|
|a Educational testing and measurement :
|b classroom application and practice /
|c Tom Kubiszyn, Gary Borich.
|
| 250 |
|
|
|a Seventh edition.
|
| 260 |
|
|
|a New York :
|b J. Wiley & Sons, Inc.,
|c c2003.
|
| 300 |
|
|
|a xv, 508 pages ;
|c 25 cm.
|
| 504 |
|
|
|a Includes bibliographical references (p. 484-494) and index.
|
| 526 |
|
|
|a BIED
|
| 541 |
|
|
|a Complimentary copy from BIED
|e 41782
|
| 650 |
|
|
|a Educational tests and measurements
|z United States.
|
| 700 |
|
|
|a Borich, Gary D.
|9 55623
|
| 942 |
|
|
|2 ddc
|c BK
|
| 999 |
|
|
|c 46187
|d 46187
|
| 952 |
|
|
|0 0
|1 0
|2 ddc
|4 0
|6 371_260973000000000_KUB
|7 0
|9 74482
|a BRACUL
|b BRACUL
|c GEN
|d 2023-10-01
|e Complimentary copy from BIED
|l 0
|o 371.260973 KUB
|p 3010041782
|r 2023-10-01
|t 1
|w 2023-10-01
|y BK
|x Transferred from BIED to General Stacks
|